00648 2200229 4500001002100000005001500021035002000036007000300056008004100059020001800100082001100118084001700129100003400146245011200180250001500292260003000307300002100337650003100358990000900389990001000398990001000408INLIS00000000000002620170906091357 a0010-0917000012ta170906 0 ind  a979-3465-02-6 a297.73 a297.73 NAT m0 aNata,M.A, Prof. Dr. H.Abuddin1 aManajemen Pendidikan :bMengatasi Kelemahan Pendidikan Islam di Indonesia /cProf. Dr. H. Abuddin Nata, M.A aed.2,cet.3 aJakarta :bKencana,c2008 a302 hlm ;c23 cm aManajemen Pendidikan Islam a1995 a168 a a168 b